000 00264nam a22001097a 4500
041 _aENG
245 _aProceedings Of xxxvll Isae Annual Convention And Symposium Vol 1
260 _aNew Delhi
_bISAE
_c2003
300 _a569
650 _aGAE (37)
856 _uGAE (37)
999 _c3155
_d3155